[Event "AUTO-INT-1925"]
[Site "http://www.queenalice.com/game.php?id=886931"]
[Date "2011.1.16"]
[Round "1"]
[White "cidbrito"]
[Black "yannigator"]
[Result "1-0"]
[WhiteElo "1689"]
[BlackElo "1685"]

1. e4 e5 2. Qf3 Nc6 3. c3 Nf6 4. Bd3 Be7 5. Ne2 d6 6. h3 O-O 7. Ng3 Be6 8. Nf5
Bxf5 9. exf5 d5 10. Bb5 e4 11. Qd1 Ne5 12. d4 Ned7 13. Be2 Bd6 14. O-O c6 15. f4
Qc7 16. Na3 Rfe8 17. Nc2 Nf8 18. Bg4 Nxg4 19. hxg4 Nd7 20. Be3 Nf6 21. g5 Nd7
22. f6 c5 23. fxg7 Re6 24. Qh5 Rg6 25. Kf2 Bxf4 26. Ke2 Bxe3 27. Nxe3 Qg3 28.
Rf5 cxd4 29. cxd4 Nb6 30. b3 Rc8 31. Rh1 Rxg7 32. Rh3 Rc2+ 33. Kd1 Rc1+ 34. Kxc1
Qe1+ 35. Nd1 1-0

[Event "AUTO-INT-1925"]
[Site "http://www.queenalice.com/game.php?id=886932"]
[Date "2011.1.16"]
[Round "1"]
[White "yannigator"]
[Black "cidbrito"]
[Result "0-1"]
[WhiteElo "1690"]
[BlackElo "1555"]

1. e4 e5 2. Nf3 f6 3. Bc4 Nh6 4. Nxe5 fxe5 5. Qh5+ g6 6. Qxe5+ Qe7 7. Qxh8 Qxe4+
8. Kd1 Qxc4 9. Re1+ Kf7 10. Qxh7+ Bg7 11. Re7+ Kxe7 12. Qxg7+ Kd6 13. Qxg6+ Kc5
14. b4+ Kb5 15. a4+ Kxb4 16. c3+ Ka5 17. Qg5+ Ka6 18. Qxh6+ d6 19. Qe3 Qf1+ 20.
Kc2 Bf5+ 21. Kb2 Nc6 22. Na3 Ne5 23. Nb5 Nc4+ 24. Ka2 Nxe3 25. Nxc7+ Ka5 0-1

[Event "AUTO-INT-2036"]
[Site "http://www.queenalice.com/game.php?id=939009"]
[Date "2011.5.17"]
[Round "1"]
[White "jamba"]
[Black "cidbrito"]
[Result "1-0"]
[WhiteElo "1498"]
[BlackElo "1613"]

1. d4 d5 2. e3 Nf6 3. Bd3 h6 4. f4 Bg4 5. Nf3 h5 6. h3 Bd7 7. Ne5 Nc6 8. a3 Nxe5
9. fxe5 Ne4 10. O-O f5 11. Nc3 Nxc3 12. bxc3 e6 13. c4 Qe7 14. cxd5 exd5 15. Rb1
b6 16. c4 dxc4 17. Bxc4 O-O-O 18. Ba6+ Kb8 19. Qf3 c6 20. d5 Qc5 21. dxc6 Bxc6
22. Qf2 Qxe5 23. Bb2 Qd5 24. Rbd1 Qxg2+ 25. Qxg2 Bxg2 26. Rxd8+ Kc7 27. Rfd1 Bc6
28. Rc8# 1-0

[Event "AUTO-INT-2036"]
[Site "http://www.queenalice.com/game.php?id=939010"]
[Date "2011.5.17"]
[Round "1"]
[White "cidbrito"]
[Black "jamba"]
[Result "1-0"]
[WhiteElo "1601"]
[BlackElo "1542"]

1. e4 c5 2. Qf3 d6 3. Bc4 Nf6 4. h3 Nc6 5. c3 g6 6. d3 Bg7 7. Ne2 Ne5 8. Qe3
Nxc4 9. dxc4 Be6 10. b3 O-O 11. O-O Qa5 12. Nd2 b5 13. e5 bxc4 14. exf6 Bxf6 15.
Bb2 d5 16. Nf3 d4 17. cxd4 cxd4 18. Nfxd4 Rfd8 19. Nxe6 Bxb2 20. Nxd8 Rxd8 21.
Rad1 Rc8 22. Rd7 e5 23. Rxa7 Qd8 24. bxc4 Rxc4 25. Rb1 Bd4 26. Nxd4 exd4 27. Qe5
d3 28. Re7 d2 29. Re8+ Qxe8 30. Qxe8+ Kg7 31. Qe5+ f6 32. Rb7+ Kh6 33. Qe3+ g5
34. Qxd2 Rc5 35. Qd7 g4 36. Qxh7+ Kg5 37. Qg7+ Kf5 38. Qxg4+ Ke5 39. Qe2+ Kf4
40. g3+ Kg5 41. Qe3+ Kg6 42. Qxc5 f5 43. g4 Kg5 44. Qxf5+ Kh4 45. Rh7# 1-0

[Event "AUTO-INT-2036"]
[Site "http://www.queenalice.com/game.php?id=939025"]
[Date "2011.5.17"]
[Round "1"]
[White "ludimad"]
[Black "cidbrito"]
[Result "0-1"]
[WhiteElo "1369"]
[BlackElo "1594"]

1. Nf3 f6 2. e3 c6 3. d4 Qb6 4. e4 e6 5. Nc3 Bb4 6. Bd2 Bxc3 7. Bxc3 a5 8. Bd3
Ne7 9. O-O O-O 10. Bc4 d5 11. exd5 exd5 12. Bb3 a4 13. Bxa4 Rxa4 14. b3 Ra8 15.
a4 Qc7 16. Qd3 b6 17. Qe3 Ng6 18. Rae1 Qd6 19. g3 Bh3 20. Nh4 Bxf1 21. Kxf1 Na6
22. Nf5 Qd7 23. Qe6+ Rf7 24. g4 Kf8 25. Qe2 Nc7 26. h4 Re8 27. Bb4+ c5 28. Qd2
Rxe1+ 29. Qxe1 cxb4 30. Qxb4+ Re7 31. Qxb6 Re6 32. Qb7 Ne7 33. a5 Nxf5 34. gxf5
Re4 35. a6 Re8 36. b4 Qb5+ 37. Kg2 Qxb7 38. axb7 Rb8 39. c3 Nb5 40. Kf3 Nxc3 41.
Ke3 Rxb7 42. Kd3 Ne4 43. f3 Ng3 44. Kc3 Nxf5 45. h5 Ng3 46. h6 gxh6 47. Kb3 Ne2
48. Ka4 Nxd4 49. Ka5 Nc6+ 50. Ka6 Rxb4 51. f4 Nd4 52. f5 Nxf5 53. Ka5 Rb1 54.
Ka4 d4 55. Ka3 d3 56. Ka2 Rb8 57. Ka3 d2 58. Ka2 d1=Q 59. Ka3 Qa1# 0-1

[Event "AUTO-INT-2036"]
[Site "http://www.queenalice.com/game.php?id=939026"]
[Date "2011.5.17"]
[Round "1"]
[White "cidbrito"]
[Black "ludimad"]
[Result "1-0"]
[WhiteElo "1592"]
[BlackElo "1344"]

1. e4 e6 2. Qf3 Nc6 3. c3 g5 4. d3 Bd6 5. Qh5 h6 6. Qf3 e5 7. Nd2 f6 8. Nc4 Qe7
9. Be3 b6 10. Qh5+ Kd8 11. Nxd6 Qxd6 12. O-O-O Nge7 13. Be2 Qe6 14. b3 Bb7 15.
Bg4 Qd6 16. Nf3 Qa3+ 17. Kd2 Qxa2+ 18. Ke1 Qxb3 19. Bd2 a5 20. Bh3 a4 21. Ke2 a3
22. Rb1 d5 23. Rxb3 a2 24. Ra1 Ra4 25. Rb2 dxe4 26. Rbxa2 exd3+ 27. Kf1 Rc4 28.
Be6 Rc5 29. Qf7 Na5 30. Bh3 Nb3 31. Qxb3 e4 32. Nd4 Rf8 33. Ne6+ Ke8 34. Nxf8
Kxf8 35. Ra8+ Bxa8 36. Rxa8+ Kg7 37. Qe6 Re5 38. Qd7 c5 39. Qe8 h5 40. Qh8+ Kg6
41. f4 e3 42. f5+ Nxf5 43. Rg8+ Kf7 44. Qh7+ Ke6 45. Re8+ Kd6 46. Rd8+ Kc6 47.
Qd7# 1-0

[Event "AUTO-OPEN-2364"]
[Site "http://www.queenalice.com/game.php?id=939076"]
[Date "2011.5.17"]
[Round "1"]
[White "forth_generation"]
[Black "cidbrito"]
[Result "1-0"]
[WhiteElo "2353"]
[BlackElo "1587"]

1. d4 d5 2. c4 e6 3. e3 Bb4+ 4. Bd2 Bxd2+ 5. Nxd2 Bd7 6. Ngf3 f6 7. Bd3 Ne7 8.
O-O O-O 9. Qc2 Nf5 10. cxd5 exd5 11. Bxf5 Bxf5 12. Qxf5 Qd6 13. e4 dxe4 14. Nxe4
Qb4 15. a3 Qb3 16. Nc5 Qxb2 17. Rfb1 Qc3 18. Qd5+ Kh8 19. Qxb7 Nd7 20. Nxd7 Rfe8
21. Nb8 Raxb8 22. Qxb8 Qc6 23. Qxa7 h6 24. Rb8 Rxb8 25. Qxb8+ Kh7 26. Re1 Qc3
27. Qb1+ Kg8 28. Nh4 Kf7 29. Qg6+ Kg8 30. Re8# 1-0

[Event "AUTO-OPEN-2364"]
[Site "http://www.queenalice.com/game.php?id=939077"]
[Date "2011.5.17"]
[Round "1"]
[White "cidbrito"]
[Black "forth_generation"]
[Result "0-1"]
[WhiteElo "1615"]
[BlackElo "2361"]

1. e4 e5 2. Qf3 Nc6 3. c3 Nf6 4. h3 d5 5. Bd3 Be6 6. Qd1 Bc5 7. Ne2 Nxe4 8. Bxe4
dxe4 9. O-O Bb6 10. Qa4 Qd3 11. Re1 Bxh3 12. Ng3 Qxg3 13. Qxe4 Qxf2+ 14. Kh2 Bf5
15. Re2 Qg1+ 16. Kg3 Bxe4 17. Rxe4 Bf2+ 18. Kf3 Qf1 19. Kg4 Qxg2+ 20. Kf5 Qg6#
0-1

[Event "AUTO-OPEN-2364"]
[Site "http://www.queenalice.com/game.php?id=939100"]
[Date "2011.5.17"]
[Round "1"]
[White "cunha"]
[Black "cidbrito"]
[Result "1-0"]
[WhiteElo "2830"]
[BlackElo "1596"]

1. e4 e5 2. Nf3 f6 3. Nxe5 Ne7 4. Nf3 Nbc6 5. Bc4 Ng6 6. d4 Qe7 7. Nc3 a6 8. O-O
d6 9. Be3 Nb4 10. a3 Nc6 11. Nd2 f5 12. Nd5 Qd8 13. Qh5 Ne7 14. Nxe7 Qxe7 15.
exf5 Bxf5 16. Qxf5 Nh4 17. Qa5 Qd7 18. Bg5 Nf5 19. Rfe1+ Be7 20. Be6 Qc6 21.
Bxf5 Kf8 22. Bxe7+ Kf7 23. Nf3 h6 24. Ng5+ hxg5 25. Be6+ Kxe7 26. Qxg5+ Kf8 27.
Qf4+ Ke7 28. Bg4+ Kd8 29. Qg5# 1-0

[Event "AUTO-OPEN-2364"]
[Site "http://www.queenalice.com/game.php?id=939101"]
[Date "2011.5.17"]
[Round "1"]
[White "cidbrito"]
[Black "cunha"]
[Result "0-1"]
[WhiteElo "1598"]
[BlackElo "2829"]

1. e4 c5 2. Qf3 Nc6 3. c3 Nf6 4. h3 g6 5. d3 Bg7 6. Be3 Qb6 7. b3 O-O 8. Be2 Rd8
9. Na3 Nxe4 10. d4 Qa5 11. Rc1 d5 12. Nb5 a6 13. b4 cxb4 14. cxb4 Qxb4+ 15. Nc3
Nxd4 16. Bxd4 Bxd4 17. Qd3 Bxc3+ 18. Rxc3 Nxc3 19. f3 Ne4+ 20. Kf1 Ng3+ 21. Kf2
Nxh1+ 22. Ke3 d4+ 23. Kf4 Qd6+ 24. Kg5 Qf6+ 25. Kh6 Qh4# 0-1

[Event "AUTO-OPEN-2364"]
[Site "http://www.queenalice.com/game.php?id=939116"]
[Date "2011.5.17"]
[Round "1"]
[White "cidbrito"]
[Black "arrabi"]
[Result "0-1"]
[WhiteElo "1619"]
[BlackElo "2003"]

1. e4 c5 2. Qf3 d6 3. Bc4 e6 4. Ne2 a6 5. O-O Nc6 6. Bb3 b5 7. c3 Nf6 8. d4 c4
9. Bc2 Be7 10. Bf4 e5 11. dxe5 dxe5 12. Bg3 O-O 13. b4 Kh8 14. h3 a5 15. bxa5
Qxa5 16. a4 b4 17. cxb4 Qxb4 18. Nbc3 Nd4 19. Nxd4 exd4 20. Nd5 Nxd5 21. exd5 d3
22. d6 Bb7 23. Rab1 Qxb1 24. Bxb1 Bxf3 25. dxe7 Rfc8 26. gxf3 Rxa4 27. Re1 Re8
28. Bd6 Ra1 29. Bb4 f6 30. Kg2 Kg8 31. Bc3 Rxe7 32. Rxe7 Rxb1 33. Rc7 Rc1 34.
Rxc4 d2 35. Rc8+ Kf7 36. Rd8 d1=Q 37. Rxd1 Rxd1 38. f4 Kg6 39. f3 Kf5 40. Kg3
Rg1+ 41. Kf2 Rc1 42. Bd2 Rc2 43. Ke3 Rxd2 44. Kxd2 Kxf4 45. Ke2 Kg3 46. Ke3 Kxh3
47. Kf4 Kh4 48. Kf5 Kh5 49. f4 Kh6 50. Ke6 Kg6 51. f5+ Kg5 52. Kf7 h5 53. Kxg7
h4 54. Kf7 Kxf5 55. Kg7 h3 56. Kh6 h2 57. Kh5 h1=Q# 0-1

[Event "AUTO-OPEN-2364"]
[Site "http://www.queenalice.com/game.php?id=939117"]
[Date "2011.5.17"]
[Round "1"]
[White "arrabi"]
[Black "cidbrito"]
[Result "1-0"]
[WhiteElo "2065"]
[BlackElo "1599"]

1. e4 Nc6 2. d4 d5 3. e5 Bf5 4. c3 Qd7 5. h3 O-O-O 6. Bd3 Bxd3 7. Qxd3 e6 8. a4
Na5 9. Nd2 Kb8 10. b4 Nc6 11. a5 f5 12. f4 Nh6 13. b5 Ne7 14. Nb3 Ng6 15. g3 Rc8
16. Nc5 Bxc5 17. dxc5 c6 18. c4 d4 19. Ba3 cxb5 20. cxb5 Qd5 21. Rh2 Qe4+ 22.
Qxe4 fxe4 23. Ne2 Rhd8 24. Kd2 Nf5 25. Rg1 d3 26. Nc3 Nd4 27. Rf2 Nb3+ 28. Kd1
e3 29. Rb2 Nxa5 30. Rb4 Rxc5 31. Bb2 Nc4 32. Bc1 d2 33. Ke2 dxc1=Q 34. Rxc1 Rd2+
35. Ke1 Rh2 36. Nd1 e2 37. Nf2 Rg2 38. Rbxc4 Rxc4 39. Rxc4 Rxg3 40. Kxe2 Rb3 41.
Nd3 Nh4 42. Nc5 Rb2+ 43. Kd1 Nf5 44. Nd7+ Ka8 45. Rc8# 1-0

[Event "AUTO-ADV-2162"]
[Site "http://www.queenalice.com/game.php?id=939255"]
[Date "2011.5.17"]
[Round "1"]
[White "andrevillares"]
[Black "cidbrito"]
[Result "1-0"]
[WhiteElo "2087"]
[BlackElo "1601"]

1. d4 Nc6 2. d5 Ne5 3. e4 e6 4. c4 c5 5. Bf4 Qc7 6. Qd2 f6 7. Nc3 a6 8. O-O-O
Bd6 9. Bg3 Ne7 10. dxe6 O-O 11. Qxd6 Qxd6 12. Rxd6 dxe6 13. Be2 N7c6 14. Nf3
Nxf3 15. Bxf3 Nd4 16. Bg4 f5 17. exf5 exf5 18. Bd1 g5 19. Be5 Ne6 20. Nd5 b5 21.
Bh5 Ra7 22. Nf6+ Kh8 23. Nd7+ Kg8 24. Nxf8 Kxf8 25. Rhd1 Ke7 26. cxb5 axb5 27.
Kb1 Ra6 28. Rxa6 Bxa6 29. Rd6 Bc8 30. Rb6 Bd7 31. Be2 c4 32. Bf3 g4 33. Bd5 Nc5
34. Bd6+ Kf6 35. Bxc5+ Kg5 36. Be7+ Kf4 37. Bf6 h5 38. g3# 1-0

[Event "AUTO-ADV-2162"]
[Site "http://www.queenalice.com/game.php?id=939256"]
[Date "2011.5.17"]
[Round "1"]
[White "cidbrito"]
[Black "andrevillares"]
[Result "1-0"]
[WhiteElo "1571"]
[BlackElo "2088"]

1. e4 Nf6 2. Qf3 Nc6 3. c3 e5 4. h3 Bc5 5. a4 O-O 6. Bd3 d5 7. b4 dxe4 8. Bxe4
Nxe4 9. Qxe4 Bd6 10. Nf3 Be6 11. O-O f5 12. Qc2 e4 13. Nd4 Nxd4 14. cxd4 Bxb4
15. Ba3 Qxd4 16. Bb2 Qd7 17. Be5 c5 18. Qb2 f4 19. f3 e3 20. dxe3 fxe3 21. Na3
Rf5 22. Rfd1 Qf7 23. Rd6 Rg5 24. Rad1 Bxh3 25. g3 Qxf3 26. Qb3+ Kh8 27. Rd8+ 1-0

[Event "AUTO-ADV-2162"]
[Site "http://www.queenalice.com/game.php?id=939279"]
[Date "2011.5.17"]
[Round "1"]
[White "cidbrito"]
[Black "VICSAR"]
[Result "1-0"]
[WhiteElo "1597"]
[BlackElo "1757"]

1. e4 c5 2. c4 Nc6 3. a3 d6 4. Nf3 e5 5. Be2 Nf6 6. d3 Be7 7. h3 Bd7 8. O-O Qc8
9. Bg5 h6 10. Bxf6 Bxf6 11. Nc3 Nd4 12. Nxd4 cxd4 13. Nd5 Bd8 14. f4 Be6 15. Bg4
Bxg4 16. hxg4 Qd7 17. f5 f6 18. g3 Bb6 19. b4 a6 20. Nxb6 Qc8 21. Nxc8 Rxc8 22.
Qa4+ Ke7 23. c5 dxc5 24. b5 axb5 25. Qxb5 Rc7 26. Rac1 Rhc8 27. Rc4 Kd6 28. Qb6+
Kd7 29. Qe6+ Kd8 30. Qg8+ Kd7 31. Qxg7+ Kc6 32. Qxf6+ Kb5 33. Rb1+ Ka5 34. Qb6#
1-0

[Event "AUTO-INT-2036"]
[Site "http://www.queenalice.com/game.php?id=988117"]
[Date "2011.9.21"]
[Round "2"]
[White "cidbrito"]
[Black "RDario"]
[Result "1-0"]
[WhiteElo "1658"]
[BlackElo "1807"]

1. e4 d5 2. e5 Nc6 3. Nf3 Bf5 4. d3 d4 5. Nh4 Bg6 6. Nxg6 hxg6 7. Qe2 e6 8. c3
Bc5 9. a4 Nh6 10. Bxh6 Rxh6 11. Nd2 Qg5 12. Nf3 Qf5 13. b4 Be7 14. b5 Na5 15.
Nxd4 Qf4 16. g3 Qg5 17. f4 Qh5 18. Qe4 g5 19. f5 exf5 20. Nxf5 Re6 21. Nxg7+ Kf8
22. Nxh5 f6 23. d4 Rd8 24. Bh3 Rb6 25. Qh7 Ke8 26. exf6 Bxf6 27. O-O Rd7 28.
Qg8+ Ke7 29. Rae1+ 1-0

[Event "AUTO-INT-2036"]
[Site "http://www.queenalice.com/game.php?id=988119"]
[Date "2011.9.21"]
[Round "2"]
[White "cidbrito"]
[Black "Dsilver"]
[Result "1-0"]
[WhiteElo "1622"]
[BlackElo "1654"]

1. e4 e5 2. Qf3 f6 3. Bd3 g5 4. Nc3 c6 5. Nge2 b5 6. O-O d6 7. h3 Nh6 8. Ng3 a5
9. a3 Bb7 10. Nh5 Nd7 11. Be2 Rg8 12. Qd3 Nc5 13. Qf3 Be7 14. d3 b4 15. axb4
axb4 16. Rxa8 Qxa8 17. Nxf6+ Bxf6 18. Nd1 b3 19. Qxf6 bxc2 20. Qxh6 cxd1=Q 21.
Rxd1 Nb3 22. Bxg5 d5 23. Bh5+ Kd7 24. Qxh7+ Kd6 25. Qe7# 1-0

[Event "AUTO-INT-2036"]
[Site "http://www.queenalice.com/game.php?id=988120"]
[Date "2011.9.21"]
[Round "2"]
[White "Dsilver"]
[Black "cidbrito"]
[Result "0-1"]
[WhiteElo "1708"]
[BlackElo "1639"]

1. e4 e5 2. d4 Qe7 3. d5 d6 4. f3 Nd7 5. Bb5 a6 6. Bd3 Nc5 7. g4 Qh4+ 8. Ke2
Bxg4 9. fxg4 Qxg4+ 10. Nf3 Qg2+ 11. Ke1 Qxh1+ 12. Bf1 Nxe4 13. c3 Be7 14. Qa4+
b5 15. Qxe4 Bh4+ 16. Ke2 g5 17. Nbd2 Nf6 18. Qf5 Nh5 19. Ne4 Nf4+ 20. Bxf4 gxf4
21. Nxh4 Qxh2+ 22. Ng2 h5 23. Nf6+ Ke7 24. Ne4 Rag8 25. Qf6+ Ke8 26. Kf2 Qh3 27.
a4 b4 28. Bxa6 Qxg2+ 29. Ke1 Qxe4+ 30. Kd2 Rg2+ 31. Kd1 Rg1+ 32. Kd2 Rg2+ 33.
Kd1 Qc2+ 34. Ke1 Qd2+ 35. Kf1 Qf2# 0-1